| 000 | 00503nam a2200169 i 4500 | ||
|---|---|---|---|
| 001 | 67911 | ||
| 003 | ES-MaACL | ||
| 005 | 20230906170153.0 | ||
| 007 | t| | ||
| 008 | 040216s1952 sp ||||1| spa d | ||
| 100 | 1 |
_aGallego Díaz, José. _953559 |
|
| 245 | 1 | 4 |
_aUna nueva métrica per le scienze applicate / _cJosé Gallego Díaz. |
| 260 |
_a[S.l. : _bs.n., _c1952] |
||
| 300 |
_a2 h. ; _c24 cm. |
||
| 500 | _aEs separata de: Estratto da Archimede. nº 3, p. 117-120. | ||
| 852 |
_aES-MaACL _j1950-F-21 |
||
| 999 |
_c67911 _d67911 |
||